Effectif du Castres olympique - Saison 2021-2022. - Statistiques

Statistiques générales
  • Ce quiz a été pris 146 fois
    127 depuis la dernière actualisation
  • Le résultat moyen est 20 sur 48
Statistiques - réponses
Joueur % Correct
Gaëtan Barlot
88%
Benjamín Urdapilleta
87%
Julien Dumora
85%
Santiago Arata
80%
Geoffrey Palis
77%
Rory Kockott
76%
Filipo Nakosi
75%
Mathieu Babillot
75%
Wilfrid Hounkpatin
75%
Vilimoni Botitu
71%
Jérémy Fernandez
69%
Levan Chilachava
66%
Antoine Tichit
64%
Ben Botica
64%
Tom Staniforth
63%
Thomas Combezou
62%
Adrea Cocagi
60%
Baptiste Delaporte
52%
Brendan Lebrun
51%
Nick Champion de Crespigny
49%
Tyler Ardron
48%
Quentin Walcker
46%
Florent Vanverberghe
40%
Martin Laveau
38%
Teariki Ben-Nicholas
35%
Ryno Pieterse
33%
Paula Ngauamo
32%
Josaia Raisuqe
31%
Matt Tierney
30%
Antoine Zeghdar
26%
Loïc Jacquet
26%
Thomas Larregain
22%
Brice Humbert
19%
Wayan De Benedittis
16%
Antoine Guillamon
15%
Bastien Guillemin
14%
Julius Nostadt
14%
Tudor Stroe
14%
Antoine Bouzerand
13%
Pierre Aguillon
13%
Théo Hannoyer
12%
Crimson Tukino
10%
Feibyan Cornell Tukino
10%
Kévin Kornath
10%
River Tukino
10%
Bastien Bourgier
8%
Theo Chabouni
7%
Stéphane Onambélé
5%
Aucun quiz correspondant
Distribution des résultats
% des personnes avec chaque résultat
Percentile par nombre de réponses
Votre historique - résultats
Vous n’avez pas pris ce quiz depuis la dernière actualisation